| 000 | 00534cam a2200205 a 4500 | ||
|---|---|---|---|
| 020 | _a0830610782 : | ||
| 020 | _a0830693785 (pbk.) : | ||
| 040 | _cDLC | ||
| 082 | 0 | 0 | _a005 TAB 1988 A005 Or. |
| 100 | 1 | _aTymes, Elna. | |
| 245 | 1 | 0 | _aQuattro for the professional / |
| 250 | _a1st ed. | ||
| 260 |
_aBlue Ridge Summit, PA : _bTab Books, _cc1988. |
||
| 300 |
_axi, 307 p. : _bill. ; _c25 cm. |
||
| 500 | _aIncludes index. | ||
| 650 | 0 | _aElectronic spreadsheets. | |
| 650 | 0 | _aBusiness | |
| 700 | 1 | _aPrael, Charles E. | |
| 942 | _cEK | ||
| 999 |
_c12922 _d12922 |
||